[Event "Italian Hungarian for fall"]
[Site "SchemingMind.com"]
[Date "2021.10.06"]
[Round "-"]
[White "Clive Everill"]
[Black "pnwmusichound"]
[Result "0-1"]
[WhiteCountry "CZE"]
[BlackCountry "USA"]
[WhiteElo "1689"]
[WhiteRD "66"]
[BlackElo "1816"]
[BlackRD "94"]
[GameID "716208"]

1. e4 e5 2. Nf3 Nc6 3. Bc4 Be7 4. d4 d6 5. d5 Na5 6. Bd3 b6 7. b4 Nb7 8. O-O Nf6 9. h3 O-O 10. Be3 h6
11. Qd2 a5 12. b5 Nc5 13. Nc3 Bd7 14. a4 Qc8 15. Kh2 Nh7 16. Bc4 f5 17. exf5 Bxf5 18. Rg1 Rf6 19. g4 Ne4 20. Nxe4 Bxe4
21. Ne1 Qf8 22. Bd3 Bxd3 23. Nxd3 Ng5 24. Bxg5 hxg5 25. Raf1 Rh6 26. Rg3 e4 27. Ne1 Bf6 28. Kg2 Be5 29. Rb3 g6 30. Qxg5 Bf4
31. Qxh6 Qxh6 32. f3 e3 33. Nd3 g5 34. Nc1 Qh4 35. Ne2 Kg7 36. Rh1 Qf2#
0-1

[Event "Italian Hungarian for fall"]
[Site "SchemingMind.com"]
[Date "2021.10.07"]
[Round "-"]
[White "pnwmusichound"]
[Black "Clive Everill"]
[Result "1-0"]
[WhiteCountry "USA"]
[BlackCountry "CZE"]
[WhiteElo "1795"]
[WhiteRD "94"]
[BlackElo "1681"]
[BlackRD "61"]
[GameID "716209"]

1. e4 e5 2. Nf3 Nc6 3. Bc4 Be7 4. d4 exd4 5. c3 Na5 6. Be2 dxc3 7. Nxc3 b6 8. O-O Bb7 9. Be3 Nf6 10. Qc2 O-O
11. h3 d6 12. Rfd1 Qb8 13. Rd2 c5 14. Rad1 Rd8 15. a3 a6 16. b4 Nc6 17. bxc5 dxc5 18. Qb3 Qc7 19. Ng5 Rf8 20. g3 h6
21. Nf3 Na5 22. Qc2 Rfd8 23. Nh4 Rxd2 24. Rxd2 Rd8 25. Bf4 Bd6 26. e5 Bxe5 27. Rxd8+ Qxd8 28. Bxe5 Nh7 29. Kh2 f6 30. Bf4 g5
31. Qg6+ Kh8 32. Nf5 Qg8 33. Qxg8+ Kxg8 34. Bc7 Nf8 35. Bxb6 Nc6 36. Bxc5 Nd7 37. Ne7+ Nxe7 38. Bxe7 Kf7 39. Bb4 Nb6 40. Nd1 Bc8
41. Ne3 f5 42. g4 f4 43. Nf5 Kg6 44. Bd3 Bxf5 45. Bxf5+ Kf7 46. Bc3 Nc4 47. Bd3 Nxa3 48. Bxa6 Nb1 49. Bd4 Nd2 50. Kg2 Ne4
51. f3 Nd2 52. Bd3 Kg8 53. Bc3
1-0

[Event "Italian Hungarian for fall"]
[Site "SchemingMind.com"]
[Date "2021.10.08"]
[Round "-"]
[White "Clive Everill"]
[Black "Goz"]
[Result "1-0"]
[WhiteCountry "CZE"]
[BlackCountry "ENG"]
[WhiteElo "1689"]
[WhiteRD "66"]
[BlackElo "1449"]
[BlackRD "80"]
[GameID "716245"]

1. e4 e5 2. Nf3 Nc6 3. Bc4 Be7 4. Bb3 Nf6 5. d3 O-O 6. O-O b5 7. Bd5 h6 8. Bxc6 dxc6 9. Nxe5 Bb7 10. c3 Bd6
11. Nf3 c5 12. Re1 b4 13. e5 Re8 14. exd6 Rxe1+ 15. Qxe1 Bxf3 16. dxc7 Qxc7 17. gxf3 a5 18. cxb4 axb4 19. Nd2 Nh5 20. Nc4 Nf4
21. Bxf4 Qd7 22. Ne5 Qd4 23. Qe4 Qxe4 24. fxe4 Rd8 25. Be3 f6 26. Ng6 Rxd3 27. Bxc5 Kf7 28. Ne7 Rd7 29. Bxb4 Rd4 30. a3 Rxe4
31. Re1 Rxe1+ 32. Bxe1 Kxe7 33. b4 Kd6 34. Bc3 Kc6 35. a4 Kb6 36. Kg2 Ka6 37. Kf3
1-0

[Event "Italian Hungarian for fall"]
[Site "SchemingMind.com"]
[Date "2021.10.11"]
[Round "-"]
[White "Goz"]
[Black "Clive Everill"]
[Result "1/2-1/2"]
[WhiteCountry "ENG"]
[BlackCountry "CZE"]
[WhiteElo "1408"]
[WhiteRD "74"]
[BlackElo "1681"]
[BlackRD "61"]
[GameID "716246"]

1. e4 e5 2. Nf3 Nc6 3. Bc4 Be7 4. O-O Nf6 5. d3 O-O 6. a3 d5 7. exd5 Nxd5 8. Re1 Bf6 9. Bd2 Bg4 10. h3 Bh5
11. g4 Bg6 12. Bxd5 Qxd5 13. Be3 Rfd8 14. c4 Qxd3 15. Qxd3 Bxd3 16. Nfd2 e4 17. Nc3 Bxc3 18. bxc3 Ne5 19. Bd4 Nxc4 20. Nxc4 Bxc4
21. Rxe4 Bd5 22. Re7 Rdc8 23. Rae1 c5 24. Be3 b5 25. Bd2 h6 26. g5 hxg5 27. Bxg5 Be6 28. Rb7 a6 29. Kh2 Kh7 30. h4 Bd5
31. Rb6 f6 32. Bf4 Ra7 33. Rd6 Bb3 34. Re2 a5 35. Red2 b4 36. axb4 cxb4 37. cxb4 axb4 38. Rb6 Rc4 39. Bd6 Rxh4+ 40. Kg3 Rc4
41. Bxb4 Ra4 42. Bf8 Rg4+ 43. Kf3 Raf4+ 44. Ke3 Bf7 45. f3 Rh4 46. Rb7 Bh5 47. Rf2 Rc4 48. Bxg7 Kg6 49. Rg2+ Kf5 50. Rb5+ Ke6
51. Rb3 Rh3 52. Rb6+ Kd7 53. Rxf6 Rc3+ 54. Kf2 Bxf3 55. Rg3 Rh2+ 56. Kg1 Rh1+ 57. Kf2 Rh2+= 58. Kg1 Rh1+= 59. Kf2 Rh2+
1/2-1/2

[Event "Italian Hungarian for fall"]
[Site "SchemingMind.com"]
[Date "2021.10.08"]
[Round "-"]
[White "pnwmusichound"]
[Black "Goz"]
[Result "1-0"]
[WhiteCountry "USA"]
[BlackCountry "ENG"]
[WhiteElo "1816"]
[WhiteRD "94"]
[BlackElo "1449"]
[BlackRD "80"]
[GameID "716247"]

1. e4 e5 2. Nf3 Nc6 3. Bc4 Be7 4. d4 exd4 5. Nxd4 Nxd4 6. Qxd4 d6 7. O-O Bf6 8. Qd3 Be6 9. Bxe6 fxe6 10. Qb5+ c6
11. Qxb7 Ne7 12. Qb3 d5 13. exd5 exd5 14. Re1 O-O 15. Be3 Qc7 16. Nd2 Rab8 17. Qa4 a5 18. Bf4 Qb7 19. Bxb8 Rxb8 20. Nb3 Bxb2
21. Nxa5 Qb5 22. Qxb5 Rxb5 23. Rab1 Kf7 24. Nb3 Bf6 25. Nd2 Ra5 26. Rb7 Rxa2 27. Nf3 Rxc2 28. g4 h6 29. h4 g5 30. hxg5 hxg5
31. Ne5+ Bxe5 32. Rxe5 d4 33. Rbxe7+ Kf6 34. R5e6#
1-0

[Event "Italian Hungarian for fall"]
[Site "SchemingMind.com"]
[Date "2021.10.09"]
[Round "-"]
[White "Goz"]
[Black "pnwmusichound"]
[Result "1-0"]
[WhiteCountry "ENG"]
[BlackCountry "USA"]
[WhiteElo "1408"]
[WhiteRD "74"]
[BlackElo "1795"]
[BlackRD "94"]
[GameID "716248"]

1. e4 e5 2. Nf3 Nc6 3. Bc4 Be7 4. O-O Nf6 5. Re1 d6 6. Ng5 d5 7. exd5 Nxd5 8. Nxf7 Kxf7 9. Qf3+ Bf6 10. Bxd5+ Be6
11. Bxe6+ Kxe6 12. Qb3+ Ke7 13. Qxb7 Qd7 14. Qa6 Qe6 15. Nc3 Rhd8 16. Ne4 Nb4 17. Qxe6+ Kxe6 18. Re2 Nxc2 19. Rb1 Nd4 20. Re3 Rg8
21. b4 h5 22. Nc5+ Kf7 23. Rb2 h4 24. Re4 g5 25. d3 g4 26. Bd2 Rg6 27. Bc3 g3 28. Bxd4 exd4 29. Nd7 gxh2+ 30. Kxh2 Rag8
31. f3 Rg3 32. Nxf6 h3 33. Nxg8 hxg2 34. Rxg2 Rxg2+ 35. Kxg2 Kxg8 36. Rxd4
1-0

[Event "Italian Hungarian for fall"]
[Site "SchemingMind.com"]
[Date "2021.10.11"]
[Round "-"]
[White "Clive Everill"]
[Black "William Lindberg"]
[Result "0-1"]
[WhiteCountry "CZE"]
[BlackCountry "USA"]
[WhiteElo "1689"]
[WhiteRD "66"]
[BlackElo "2474"]
[BlackRD "66"]
[GameID "716301"]

1. e4 e5 2. Nf3 Nc6 3. Bc4 Be7 4. d4 exd4 5. Nxd4 Nf6 6. Nc3 O-O 7. O-O Bc5 8. Be3 Ne5 9. Bb3 d6 10. Na4 Nxe4
11. Nxc5 Nxc5 12. c3 Nxb3 13. Qxb3 Re8 14. Rad1 b6 15. h3 Ba6 16. Rfe1 Nd3 17. Re2 Nc5 18. Qc2 Bxe2 19. Nxe2 Qe7 20. Nd4 Ne4
21. Nc6 Qd7 22. Nd4 d5 23. Bf4 c5 24. Ne2 Re6 25. f3 Rae8 26. fxe4 Rxe4 27. Rd2 Qe7 28. Kf1 Rxf4+ 29. Kg1 Qe3+ 30. Kh2 Rf2
0-1

[Event "Italian Hungarian for fall"]
[Site "SchemingMind.com"]
[Date "2021.10.11"]
[Round "-"]
[White "William Lindberg"]
[Black "Clive Everill"]
[Result "1-0"]
[WhiteCountry "USA"]
[BlackCountry "CZE"]
[WhiteElo "2474"]
[WhiteRD "66"]
[BlackElo "1689"]
[BlackRD "66"]
[GameID "716302"]

1. e4 e5 2. Nf3 Nc6 3. Bc4 Be7 4. O-O Nf6 5. d3 O-O 6. Re1 h6 7. c3 d6 8. a3 Na5 9. Ba2 b6 10. b4 Nb7
11. d4 Bg4 12. h3 Bh5 13. Nbd2 exd4 14. cxd4 c5 15. g4 Nxg4 16. hxg4 Bxg4 17. Bd5 Rb8 18. Qb3 Bf6 19. Bb2 h5 20. e5 dxe5
21. dxe5 Be7 22. e6 f6 23. Nh4 g5 24. Qc2 gxh4 25. Qg6+ Kh8 26. Qh6+ Kg8 27. Be4 Rf7 28. exf7+ Kxf7 29. Bg6+
1-0

[Event "Italian Hungarian for fall"]
[Site "SchemingMind.com"]
[Date "2021.10.09"]
[Round "-"]
[White "pnwmusichound"]
[Black "William Lindberg"]
[Result "0-1"]
[WhiteCountry "USA"]
[BlackCountry "USA"]
[WhiteElo "1816"]
[WhiteRD "94"]
[BlackElo "2474"]
[BlackRD "66"]
[GameID "716303"]

1. e4 e5 2. Nf3 Nc6 3. Bc4 Be7 4. d4 exd4 5. c3 Na5 6. Be2 dxc3 7. Nxc3 d6 8. O-O Nf6 9. e5 dxe5 10. Nxe5 O-O
11. Qa4 c5 12. Rd1 Qb6 13. Nd5 Nxd5 14. Rxd5 Qe6 15. Bf3 Nc6 16. Bf4 Nd4 17. Rd1 b5 18. Qa3 f6 19. Ng4 Bb7 20. Qe3 Bxd5
21. Bxd5 Qxd5 22. Qxe7 Rae8 23. Qxa7 Ne2+ 24. Kf1 Qxd1#
0-1

[Event "Italian Hungarian for fall"]
[Site "SchemingMind.com"]
[Date "2021.10.09"]
[Round "-"]
[White "William Lindberg"]
[Black "pnwmusichound"]
[Result "1-0"]
[WhiteCountry "USA"]
[BlackCountry "USA"]
[WhiteElo "2474"]
[WhiteRD "66"]
[BlackElo "1816"]
[BlackRD "94"]
[GameID "716304"]

1. e4 e5 2. Nf3 Nc6 3. Bc4 Be7 4. O-O Nf6 5. d3 a6 6. Re1 h6 7. d4 d5 8. exd5 Nxd5 9. Bxd5 Qxd5 10. Nc3 Qd6
11. d5 Nd4 12. Nxe5 Nf5 13. Bf4 Qb4 14. Nd3 Qb6 15. g4 Nh4 16. d6 cxd6 17. Nd5 Qd8 18. Rxe7+ Kf8 19. Qe2 Be6 20. Rxe6 fxe6
21. Qxe6 g5 22. Bg3 Kg7 23. Bxd6 Re8 24. Be5+ Kf8 25. Qxh6+ Kf7 26. Qg7+ Ke6 27. N3f4+ gxf4 28. Nxf4#
1-0

[Event "Italian Hungarian for fall"]
[Site "SchemingMind.com"]
[Date "2021.10.09"]
[Round "-"]
[White "Goz"]
[Black "William Lindberg"]
[Result "0-1"]
[WhiteCountry "ENG"]
[BlackCountry "USA"]
[WhiteElo "1430"]
[WhiteRD "87"]
[BlackElo "2467"]
[BlackRD "68"]
[GameID "716305"]

1. e4 e5 2. Nf3 Nc6 3. Bc4 Be7 4. O-O Nf6 5. d3 O-O 6. a3 h6 7. c3 d5 8. exd5 Nxd5 9. Bxd5 Qxd5 10. Re1 Rd8
11. Nxe5 Nxe5 12. Bf4 Bh3 13. f3 Nxd3 14. Rxe7 Qc5+ 15. Be3 Qxe7 16. Qe2 Nf4 17. Qf2 Rd1+
0-1

[Event "Italian Hungarian for fall"]
[Site "SchemingMind.com"]
[Date "2021.10.08"]
[Round "-"]
[White "William Lindberg"]
[Black "Goz"]
[Result "1-0"]
[WhiteCountry "USA"]
[BlackCountry "ENG"]
[WhiteElo "2467"]
[WhiteRD "68"]
[BlackElo "1430"]
[BlackRD "87"]
[GameID "716306"]

1. e4 e5 2. Nf3 Nc6 3. Bc4 Be7 4. d4 exd4 5. Nxd4 Nxd4 6. Qxd4 d6 7. Qxg7 Be6 8. Bxe6 fxe6 9. Qxh8 Kd7 10. e5 d5
11. Qxh7 Qf8 12. c4 c6 13. Be3 b6 14. Nc3 Re8 15. cxd5 cxd5 16. O-O Kd8 17. Rac1 Qf5 18. Qxf5 exf5 19. Nxd5 Bf8 20. f4 Kd7
21. g4 fxg4 22. Rfd1
1-0

[Event "Italian Hungarian for fall"]
[Site "SchemingMind.com"]
[Date "2021.10.11"]
[Round "-"]
[White "Clive Everill"]
[Black "Chessibelle"]
[Result "1-0"]
[WhiteCountry "CZE"]
[BlackCountry "ENG"]
[WhiteElo "1661"]
[WhiteRD "63"]
[BlackElo "1019"]
[BlackRD "59"]
[GameID "716311"]

1. e4 e5 2. Nf3 Nc6 3. Bc4 Be7 4. c3 h6 5. b4 Nf6 6. Qb3 O-O 7. d3 a6 8. a4 Bd6 9. O-O Rb8 10. Nbd2 Ne7
11. d4 b6 12. Ba3 c5 13. b5 Kh7 14. Bxf7 Bb7 15. dxe5 Bc7 16. exf6 Nc8 17. fxg7 Kxg7 18. Bc4 Nd6 19. Bd3 Nf7 20. Bb2 Kg6
21. e5+ Kg7 22. c4 Kg8 23. Qc3 Ng5 24. e6 Rf6 25. Qxf6 Qxf6 26. Bxf6 Nxe6 27. Ne5 Rd8 28. Bxd8 Nxd8 29. Nxd7 Kf7 30. Rfe1 Ne6
31. g3 Ke7 32. Ne5 h5 33. Ng6+ Kf6 34. f4 Bc8 35. f5 Nd4 36. Nh4 Bd7 37. Ne4+ Kf7 38. Ng5+ Kf8 39. bxa6 Bb8 40. Ng6+ Kg8
41. f6 Bd6 42. a7 Bc6 43. f7+ Kg7 44. Re8
1-0

[Event "Italian Hungarian for fall"]
[Site "SchemingMind.com"]
[Date "2021.10.11"]
[Round "-"]
[White "Chessibelle"]
[Black "Clive Everill"]
[Result "0-1"]
[WhiteCountry "ENG"]
[BlackCountry "CZE"]
[WhiteElo "1019"]
[WhiteRD "59"]
[BlackElo "1661"]
[BlackRD "63"]
[GameID "716312"]

1. e4 e5 2. Nf3 Nc6 3. Bc4 Be7 4. b3 Nf6 5. h3 Nxe4 6. O-O d6 7. d3 Nf6 8. Re1 O-O 9. c3 Na5 10. Nbd2 c6
11. Ne4 Nxc4 12. dxc4 Nxe4 13. Nh2 Nxc3 14. Qd3 Bf6 15. Nf3 e4 16. Qe3 Ne2+ 17. Qxe2 exf3 18. Qxf3 Bxa1 19. Qg3 Be5 20. Qf3 Be6
21. Qe4 f5 22. Qf3 Qf6 23. Kf1 Rae8 24. a4 Bc3 25. Re3 Bd4 26. Re2 d5 27. Rd2 dxc4 28. g3 Bd5 29. Qf4 Bc3 30. Rc2 cxb3
31. Re2 Rxe2 32. Kxe2 Re8+ 33. Be3 b2
0-1

[Event "Italian Hungarian for fall"]
[Site "SchemingMind.com"]
[Date "2021.10.09"]
[Round "-"]
[White "pnwmusichound"]
[Black "Chessibelle"]
[Result "1-0"]
[WhiteCountry "USA"]
[BlackCountry "ENG"]
[WhiteElo "1816"]
[WhiteRD "94"]
[BlackElo "1053"]
[BlackRD "62"]
[GameID "716313"]

1. e4 e5 2. Nf3 Nc6 3. Bc4 Be7 4. d4 Bd6 5. dxe5 Nxe5 6. Nxe5 Bxe5 7. Bxf7+ Kxf7 8. Qh5+ Ke6 9. Qf5+ Kd6 10. O-O Nf6
11. Rd1+ Ke7 12. Qxe5+ Kf7 13. Bg5 d6 14. Qf4 h6 15. Bxf6 gxf6 16. e5 Qe7 17. exd6 Qe6 18. dxc7 b6 19. Nc3 Qc6 20. Rd6 Qxc7
21. Rxf6+ Kg7 22. Qxc7+ Kxf6 23. f4 Kf5 24. Qe5+ Kg4 25. Qxh8 Bb7 26. Qg7+ Kf5 27. Qxb7 Re8 28. Qf7+ Kg4 29. Qxe8
1-0

[Event "Italian Hungarian for fall"]
[Site "SchemingMind.com"]
[Date "2021.10.10"]
[Round "-"]
[White "Chessibelle"]
[Black "pnwmusichound"]
[Result "0-1"]
[WhiteCountry "ENG"]
[BlackCountry "USA"]
[WhiteElo "1053"]
[WhiteRD "62"]
[BlackElo "1816"]
[BlackRD "94"]
[GameID "716314"]

1. e4 e5 2. Nf3 Nc6 3. Bc4 Be7 4. a3 d6 5. Be2 f5 6. d3 Nf6 7. O-O fxe4 8. Ng5 exd3 9. Bxd3 h6 10. Nh3 O-O
11. c4 Nd4 12. Be3 Bxh3 13. Re1 Bd7 14. b4 Ng4 15. f4 Nxe3 16. Rxe3 c5 17. Nc3 Rxf4 18. Nd5 Rf7 19. Qe1 Bh4 20. g3 Qg5
21. Kh1 Bh3 22. Qg1 Nf3 23. Qf2 Raf8 24. Ra2 a6 25. b5 axb5 26. cxb5 e4 27. Bxe4 Nd4 28. Qd2 Rf1#
0-1

[Event "Italian Hungarian for fall"]
[Site "SchemingMind.com"]
[Date "2021.10.09"]
[Round "-"]
[White "Goz"]
[Black "Chessibelle"]
[Result "1-0"]
[WhiteCountry "ENG"]
[BlackCountry "ENG"]
[WhiteElo "1449"]
[WhiteRD "80"]
[BlackElo "1053"]
[BlackRD "62"]
[GameID "716315"]

1. e4 e5 2. Nf3 Nc6 3. Bc4 Be7 4. O-O h6 5. d4 Nf6 6. Nbd2 b6 7. dxe5 Ng4 8. Bd5 Rb8 9. h3 Ngxe5 10. c3 O-O
11. Qc2 Kh8 12. b4 f6 13. Nh4 Re8 14. Ndf3 d6 15. Bxc6 Nxc6 16. Ng6+ Kh7 17. e5 f5 18. Nxe7 Rxe7 19. Nh4 g6 20. exd6 cxd6
21. f4 Be6 22. Bb2 Rf7 23. a4 Qxh4 24. Qd3 Rd8 25. Kh2 g5 26. g3 Qh5 27. Rae1 g4 28. h4 Bc8 29. Re2 Rdd7 30. Rfe1 Qg6
31. Re8 Bb7 32. Rb8 Nxb8 33. Re8 Nc6 34. c4 Nxb4 35. Rh8#
1-0

[Event "Italian Hungarian for fall"]
[Site "SchemingMind.com"]
[Date "2021.10.09"]
[Round "-"]
[White "Chessibelle"]
[Black "Goz"]
[Result "0-1"]
[WhiteCountry "ENG"]
[BlackCountry "ENG"]
[WhiteElo "1053"]
[WhiteRD "62"]
[BlackElo "1449"]
[BlackRD "80"]
[GameID "716316"]

1. e4 e5 2. Nf3 Nc6 3. Bc4 Be7 4. b3 Nf6 5. O-O O-O 6. g3 d6 7. b4 Nxb4 8. a3 Nc6 9. Bd3 Be6 10. Be2 Nxe4
11. d3 Nc5 12. c4 a6 13. Bb2 b5 14. Nbd2 b4 15. d4= exd4 16. Bd3 Nxd3 17. Bxd4 Nxd4 18. Nxd4 Bh3 19. Qf3 Ne5 20. Qe3 Bxf1
21. Nxf1 bxa3 22. Qxa3 Nxc4 23. Qc3 d5 24. Nf5 Bf6 25. Nd4 Qd7 26. Qd3 Bxd4 27. Qxd4 c6 28. f4 Rfe8 29. Kg2 Re2+ 30. Kf3 Rae8
31. Rd1 Ne3 32. Rc1 Qg4#
0-1

[Event "Italian Hungarian for fall"]
[Site "SchemingMind.com"]
[Date "2021.10.09"]
[Round "-"]
[White "Chessibelle"]
[Black "William Lindberg"]
[Result "0-1"]
[WhiteCountry "ENG"]
[BlackCountry "USA"]
[WhiteElo "1019"]
[WhiteRD "59"]
[BlackElo "2467"]
[BlackRD "68"]
[GameID "716317"]

1. e4 e5 2. Nf3 Nc6 3. Bc4 Be7 4. O-O Nf6 5. h3 Nxe4 6. d3 Nf6 7. a3 O-O 8. Nbd2 d5 9. Bb3 e4 10. Nh2 Nd4
11. Ba2 exd3 12. cxd3 Ne6 13. Ndf3 Bd6 14. Bb3 c5 15. g3 Nc7 16. Bc2 Bxh3 17. Re1 Ne6 18. Bd2 Qc7 19. Bc3 Bxg3 20. Re2 Bxh2+
21. Nxh2 Ng4 22. f3 Qg3+
0-1

[Event "Italian Hungarian for fall"]
[Site "SchemingMind.com"]
[Date "2021.10.09"]
[Round "-"]
[White "William Lindberg"]
[Black "Chessibelle"]
[Result "1-0"]
[WhiteCountry "USA"]
[BlackCountry "ENG"]
[WhiteElo "2467"]
[WhiteRD "68"]
[BlackElo "1019"]
[BlackRD "59"]
[GameID "716318"]

1. e4 e5 2. Nf3 Nc6 3. Bc4 Be7 4. O-O Nf6 5. d3 O-O 6. a4 a5 7. Nc3 h6 8. Be3 d6 9. h3 Bd7 10. d4 Nb4
11. dxe5 Ne8 12. Bb3 c5 13. Nb5 Kh7 14. exd6 Bf6 15. e5 Be7 16. dxe7 Qxe7 17. Bxc5 Nd6 18. Bxd6 Qe8 19. Nc7 Qc8 20. Nxa8 Re8
21. Ng5+ Kg8 22. Nb6 Qd8 23. Qh5 Kh8 24. Nxf7+
1-0

[Event "Italian Hungarian for fall"]
[Site "SchemingMind.com"]
[Date "2021.10.11"]
[Round "-"]
[White "Clive Everill"]
[Black "Robert Bruce"]
[Result "0-1"]
[WhiteCountry "CZE"]
[BlackCountry "SCO"]
[WhiteElo "1689"]
[WhiteRD "66"]
[BlackElo "2439"]
[BlackRD "69"]
[GameID "716325"]

1. e4 e5 2. Nf3 Nc6 3. Bc4 Be7 4. O-O d6 5. c3 Nf6 6. d3 d5 7. exd5 Nxd5 8. Re1 Bg4 9. Nbd2 O-O 10. b4 Nxc3
11. Qb3 Bxb4 12. h3 Bxf3 13. Nxf3 b5 14. Bg5 bxc4 15. Qxc4 Qd5 16. Qxd5 Nxd5 17. Rec1 Bc3 18. Rab1 Rfb8 19. Rxb8+ Rxb8 20. Rc2 Ncb4
21. Re2 Nxd3 22. Bh4 f5 23. Ng5 h6 24. Nf3 e4 25. Nh2 Rb1+ 26. Nf1 Bd4 27. g4 N5f4 28. Rd2 Ne5 29. Rc2 Nf3+
0-1

[Event "Italian Hungarian for fall"]
[Site "SchemingMind.com"]
[Date "2021.10.11"]
[Round "-"]
[White "Robert Bruce"]
[Black "Clive Everill"]
[Result "1-0"]
[WhiteCountry "SCO"]
[BlackCountry "CZE"]
[WhiteElo "2439"]
[WhiteRD "69"]
[BlackElo "1689"]
[BlackRD "66"]
[GameID "716326"]

1. e4 e5 2. Nf3 Nc6 3. Bc4 Be7 4. Bb3 Nf6 5. d3 O-O 6. O-O Re8 7. Re1 d5 8. exd5 Nxd5 9. Nxe5 Nxe5 10. Rxe5 Be6
11. h3 c6 12. Re1 Qc7 13. Nc3 Bb4 14. Bd2 Nxc3 15. Bxc3 Bxc3 16. bxc3 Qd7 17. Re3 Bd5 18. Qd2 Rxe3 19. Qxe3 a6 20. Qd4 Rd8
21. c4 Be6 22. Qxd7 Rxd7 23. c5 Bd5 24. Rd1 Kf8 25. Kf1 Bxb3 26. axb3 Rd5 27. b4 b6 28. c4 Rd8 29. cxb6 Ke7 30. Ra1 Rxd3
31. Rxa6 Rb3 32. Ra7+ Ke6 33. b5 cxb5 34. c5 Rc3 35. b7
1-0

[Event "Italian Hungarian for fall"]
[Site "SchemingMind.com"]
[Date "2021.10.12"]
[Round "-"]
[White "pnwmusichound"]
[Black "Robert Bruce"]
[Result "0-1"]
[WhiteCountry "USA"]
[BlackCountry "SCO"]
[WhiteElo "1816"]
[WhiteRD "94"]
[BlackElo "2439"]
[BlackRD "69"]
[GameID "716327"]

1. e4 e5 2. Nf3 Nc6 3. Bc4 Be7 4. a4 Nf6 5. d3 O-O 6. O-O d6 7. a5 Be6 8. Bxe6 fxe6 9. h3 d5 10. Nbd2 a6
11. c4 Bb4 12. Nb3 dxc4 13. dxc4 Qxd1 14. Rxd1 Nxe4 15. Be3 Rfd8 16. Rxd8+ Rxd8 17. Ra4 Rd3 18. Nc1 Rd1+ 19. Kh2 Nxf2 20. Bxf2 e4
21. Ng5 Rxc1 22. Nxe4 Rxc4 23. Ng5 Bd6+
0-1

[Event "Italian Hungarian for fall"]
[Site "SchemingMind.com"]
[Date "2021.10.14"]
[Round "-"]
[White "Robert Bruce"]
[Black "pnwmusichound"]
[Result "1-0"]
[WhiteCountry "SCO"]
[BlackCountry "USA"]
[WhiteElo "2387"]
[WhiteRD "73"]
[BlackElo "1795"]
[BlackRD "94"]
[GameID "716328"]

1. e4 e5 2. Nf3 Nc6 3. Bc4 Be7 4. Bd5 Nf6 5. d3 Nxd5 6. exd5 Nd4 7. Nxe5 d6 8. Nc4 O-O 9. O-O c5 10. a4 b5
11. axb5 Nxb5 12. Re1 Bb7 13. Nba3 Nc7 14. Na5 Bxd5 15. c4 Be6 16. Nc6 Qd7 17. Nxe7+ Qxe7 18. Qf3 Rab8 19. Nb1 a6 20. Nc3 Qd7
21. h4 Rfe8 22. Bf4 Rxb2 23. Ne4 Rb6 24. Qg3 Kh8 25. Bxd6 Rc8 26. Bxc5 Rc6 27. Bb4 h6 28. Ra5 Rd8 29. Bc3 f6 30. Rh5 Ne8
31. Nxf6 Nxf6 32. Bxf6 Bg4 33. Rxh6+ Kg8 34. Bxg7 Kxg7 35. Rxc6 Qxc6 36. Qxg4+ Kf7 37. Qh5+ Qg6 38. Re7+
1-0

[Event "Italian Hungarian for fall"]
[Site "SchemingMind.com"]
[Date "2021.10.10"]
[Round "-"]
[White "Goz"]
[Black "Robert Bruce"]
[Result "0-1"]
[WhiteCountry "ENG"]
[BlackCountry "SCO"]
[WhiteElo "1449"]
[WhiteRD "80"]
[BlackElo "2439"]
[BlackRD "69"]
[GameID "716329"]

1. e4 e5 2. Nf3 Nc6 3. Bc4 Be7 4. O-O Nf6 5. c3 Nxe4 6. d3 Nf6 7. Ng5 O-O 8. Qc2 d5 9. Bb3 h6 10. Nf3 Bd6
11. Be3 Re8 12. d4 e4 13. Nfd2 Bxh2+ 14. Kxh2 Ng4+ 15. Kg3 Qd6+ 16. Bf4 Qg6 17. Nxe4 Ne3+ 18. Kf3 Nxc2 19. Bxc2 Rxe4 20. Bxe4 Qxe4+
21. Kg3 Qd3+ 22. Be3 Qxf1 23. a3 Ne7 24. Kf3 Bg4+ 25. Kxg4 Qxg2+ 26. Kf4 Ng6+ 27. Kf5 Qe4#
0-1

[Event "Italian Hungarian for fall"]
[Site "SchemingMind.com"]
[Date "2021.10.10"]
[Round "-"]
[White "Robert Bruce"]
[Black "Goz"]
[Result "1-0"]
[WhiteCountry "SCO"]
[BlackCountry "ENG"]
[WhiteElo "2439"]
[WhiteRD "69"]
[BlackElo "1449"]
[BlackRD "80"]
[GameID "716330"]

1. e4 e5 2. Nf3 Nc6 3. Bc4 Be7 4. Nc3 d6 5. h3 Nf6 6. Ng5 d5 7. exd5 Nb4 8. d6 Be6 9. Nxe6 fxe6 10. dxe7 Qxe7
11. O-O O-O 12. d3 Nfd5 13. Ne4 Nf4 14. c3 Nbxd3 15. Bxd3 Rad8 16. Bxf4 exf4 17. Re1 h6 18. Qc2 b6 19. Nd2 Qf6 20. Nf3 Rd5
21. Bc4 Rd6 22. Nd4 Re8 23. Nxe6 Rdxe6 24. Rxe6 Rxe6 25. Re1 Kf7 26. Rxe6 Qxe6 27. Qf5+
1-0

[Event "Italian Hungarian for fall"]
[Site "SchemingMind.com"]
[Date "2021.10.13"]
[Round "-"]
[White "Chessibelle"]
[Black "Robert Bruce"]
[Result "0-1"]
[WhiteCountry "ENG"]
[BlackCountry "SCO"]
[WhiteElo "1019"]
[WhiteRD "59"]
[BlackElo "2454"]
[BlackRD "70"]
[GameID "716331"]

1. e4 e5 2. Nf3 Nc6 3. Bc4 Be7 4. O-O f5 5. Re1 fxe4 6. Rxe4 d5 7. Re2 dxc4 8. c3 Nf6 9. Qa4 e4 10. Ng5 Qd3
11. Qd1 Bg4 12. f3 Bc5+ 13. Kf1 O-O 14. h4 exf3 15. Nxf3 Nh5 16. Ke1 Ng3 17. Re3 Qf1#
0-1

[Event "Italian Hungarian for fall"]
[Site "SchemingMind.com"]
[Date "2021.10.13"]
[Round "-"]
[White "Robert Bruce"]
[Black "Chessibelle"]
[Result "1-0"]
[WhiteCountry "SCO"]
[BlackCountry "ENG"]
[WhiteElo "2454"]
[WhiteRD "70"]
[BlackElo "1019"]
[BlackRD "59"]
[GameID "716332"]

1. e4 e5 2. Nf3 Nc6 3. Bc4 Be7 4. Bd5 h6 5. O-O d6 6. c3 Bd7 7. Qb3 Kf8 8. Qxb7 Na5 9. Qxa8 Bc8 10. b4 c6
11. Bb3 g5 12. bxa5 Kg7 13. Qxa7 Nf6 14. d4 Nxe4 15. Ba3 Kf6 16. Nxe5 Qg8 17. Nxc6 Bf8 18. f3 g4 19. fxe4+ Kg6 20. Bxf7+
1-0

[Event "Italian Hungarian for fall"]
[Site "SchemingMind.com"]
[Date "2021.10.11"]
[Round "-"]
[White "Robert Bruce"]
[Black "William Lindberg"]
[Result "1/2-1/2"]
[WhiteCountry "SCO"]
[BlackCountry "USA"]
[WhiteElo "2439"]
[WhiteRD "69"]
[BlackElo "2474"]
[BlackRD "66"]
[GameID "716333"]

1. e4 e5 2. Nf3 Nc6 3. Bc4 Be7 4. d4 exd4 5. Nxd4 Nf6 6. Nxc6 bxc6 7. e5 Nd5 8. O-O O-O 9. Bxd5 cxd5 10. Qxd5 Rb8
11. Nc3 d6 12. b3 Bb7 13. Qc4 dxe5 14. Be3 Bd6 15. f3 h6 16. Rad1 Qe7 17. Rf2 Kh8 18. Bxa7 Ra8 19. Be3 f5 20. Rfd2 Ra3
21. Qb5 Rb8 22. Nd5 Qe8 23. Qxe8+ Rxe8 24. c4 Bxd5 25. Rxd5 Rxa2 26. c5 Bf8 27. f4 Re2 28. Rd8 Rxd8 29. Rxd8 Kg8 30. Bd2 exf4
31. Kf1 f3 32. gxf3 Rxh2 33. Ke1 Rh1+ 34. Ke2 c6 35. b4 Rb1 36. Kd3 Kf7 37. Rc8 h5 38. Kc2 Rf1 39. Rxc6 h4 40. Rc7+ Kg8
41. Rc8 h3 42. Bf4 Rf2+ 43. Kd1 g5 44. c6 gxf4 45. c7 h2 46. Rxf8+ Kxf8 47. c8=Q+ Kg7 48. Qc7+ Kg6 49. Qb6+ Kg5 50. Qxf2 h1=Q+
51. Kc2 Qa1=
1/2-1/2